American Cities Map Quiz - Statistics

General Stats
  • This quiz has been taken 280 times
  • The average score is 21 of 24
Answers on the Map
Answers color-coded by a green-red scale on the quiz's map according to % correct below.
 
Answer Stats
Answer % Correct
Anchorage
92%
Chicago
92%
Honolulu
92%
New York City
92%
Boston
91%
Los Angeles
91%
Washington D.C.
91%
Las Vegas
90%
Miami
90%
Phoenix
90%
San Francisco
90%
Seattle
90%
Houston
89%
Detroit
88%
Philadelphia
88%
Key West
87%
New Orleans
87%
Columbus
86%
Dallas
86%
Denver
86%
Minneapolis
85%
Billings
84%
Memphis
84%
St. Louis
82%
No matching quizzes found
Score Distribution
Percent of People with Each Score
Percentile by Number Answered
Your Score History
You have not taken this quiz